Mutis y la expedición botánica (documentos) (Registro nro. 2091)
[ vista simple ]
| 000 -CABECERA | |
|---|---|
| Campo de control | 00794nam a2200265 a 4500 |
| 005 - FECHA Y HORA DE LA ULTIMA TRANSACCION | |
| Campo de control | 20180803164950.0 |
| 008 - ELEMENTOS DE LONGITUD FIJA—INFORMACION GENERAL | |
| Campo de control | 140304b1983 ck ||||| |||| 00| 0 spa d |
| 020 ## - ISBN | |
| ISBN | 8489209233 |
| 040 ## - FUENTE DE CATALOGACIÓN | |
| Agencia catalogadora original | CO-BoIAVH |
| Agencia transcriptora | CO-BoIAVH |
| 041 ## - IDIOMA | |
| Código de idioma para texto/pista de sonido o título separado | Español |
| 044 ## - PAÍS DE PUBLICACIÓN | |
| País de publicación | Colombia |
| 082 ## - NUMERO DE CLASIFICACION DECIMAL DEWEY | |
| Número de clasificación | 925 |
| Número del ítem | E37m |
| 245 00 - MENCION DE TITULO | |
| Título | Mutis y la expedición botánica (documentos) |
| 250 ## - MENCION DE EDICION | |
| Mención de edición | Segunda edición |
| 260 ## - PUBLICACION, DISTRIBUCION, ETC. (PIE DE IMPRENTA) | |
| Lugar de publicación, distribución, etc. | Bogotá : |
| Nombre del editor, distribuidor, etc. | Ancora Editores, |
| Fecha de publicación, distribución, etc. | 1983. |
| 300 ## - DESCRIPCION FISICA | |
| Extensión | 189 páginas : |
| Otros detalles físicos | ilustraciones a color ; |
| Dimensiones | 18 x 11 cm. |
| 600 ## - ASIENTO SECUNDARIO DE MATERIA - NOMBRE PERSONAL | |
| Nombre persona | Mutis, Jose Celestino |
| 9 (RLIN) | 81870 |
| 650 14 - ASIENTO SECUNDARIO DE MATERIA - TERMINO TEMATICO | |
| Término temático o nombre geográfico como elemento de entrada | Expedición botánica |
| 9 (RLIN) | 81871 |
| 650 14 - ASIENTO SECUNDARIO DE MATERIA - TERMINO TEMATICO | |
| Término temático o nombre geográfico como elemento de entrada | Historia natural |
| 9 (RLIN) | 81872 |
| 650 14 - ASIENTO SECUNDARIO DE MATERIA - TERMINO TEMATICO | |
| Término temático o nombre geográfico como elemento de entrada | Botánica y Quinología |
| 9 (RLIN) | 73708 |
| 650 14 - ASIENTO SECUNDARIO DE MATERIA - TERMINO TEMATICO | |
| Término temático o nombre geográfico como elemento de entrada | Medicina |
| 9 (RLIN) | 81873 |
| 650 14 - ASIENTO SECUNDARIO DE MATERIA - TERMINO TEMATICO | |
| Término temático o nombre geográfico como elemento de entrada | Ecología |
| 9 (RLIN) | 92250 |
| 710 ## - ASIENTO SECUNDARIO - NOMBRE CORPORATIVO | |
| Nombre corporativo o de jurisdicción como elemento de entrada | el Áncora Editores |
| 9 (RLIN) | 73711 |
| 942 ## - ELEMENTOS ADICIONALES (KOHA) | |
| Tipo de ítem | Libro |
| Sistema de clasificación | Dewey Decimal Classification |
| Withdrawn status | Lost status | Sistema de Clasificación | Damaged status | No para préstamo | Colección | Inventariado | Ubicación Permanente | Ubicación actual | Fecha de adquisición | Fuente de Valor | Valor | Total Checkouts | Total Renewals | Número topográfico | Inventario / Código de Barras | Date last seen | Date checked out | Ejemplar | Price effective from | Forma de adquisición | Tipo de material |
|---|---|---|---|---|---|---|---|---|---|---|---|---|---|---|---|---|---|---|---|---|---|
| Dewey Decimal Classification | General | Inventariado 2017 | Bogotá | Bogotá | 30/01/2001 | Instituto | 50000.00 | 3 | 1 | LB-925 E37m | 002595 | 02/05/2018 | 17/04/2018 | Ej. 1 | 04/12/2012 | Donación | Libro |